Province dell'Italia Centrale - Statistics

Statistiche generali
  • Questo quiz è stato fatto 59 volte
  • Il punteggio medio è 20 su 22
Risposte nella Mappa
Le risposte nella mappa del quiz sottostante sono codificate secondo una scala di colori dal rosso al verde in base alla % di persone che hanno risposto correttamente.
 
Statistiche sulle risposte
Risposta % Corretto
Firenze
97%
Livorno
97%
Pistoia
97%
Roma
97%
Frosinone
94%
Grosseto
94%
Latina
94%
Massa-Carrara
94%
Siena
94%
Ancona
91%
Lucca
91%
Pisa
91%
Rieti
91%
Arezzo
88%
Perugia
88%
Prato
88%
Terni
88%
Pesaro e Urbino
85%
Viterbo
85%
Ascoli Piceno
82%
Macerata
82%
Fermo
79%
Nessun quiz corrispondente trovato
Distribuzione punteggi
Percentuale di utenti per punteggio
Percentile per numero di risposta
I tuoi punteggi nel tempo
Non hai fatto questo quiz